Country Capitals By Letter- N - Statistics

General Stats
  • This quiz has been taken 1,164 times
  • The average score is 5 of 9
Answer Stats
Capital % Correct
Nairobi
75%
Niamey
70%
Nicosia
59%
Nassau
58%
New Delhi
55%
N'Djamena
53%
Nouakchott
53%
Nuku'alofa
44%
Naypyidaw
43%
No matching quizzes found
Score Distribution
Percent of People with Each Score
Percentile by Number Answered
Your Score History
You have not taken this quiz